[Event "Airthings Masters MCCT Prel 2022"]
[Site "Online"]
[Date "2022.02.13"]
[Round "6.6"]
[White "Carlsen, Magnus"]
[Black "Keymer, Vincent"]
[Result "1-0"]
[WhiteElo "2865"]
[BlackElo "2664"]
[Annotator "TA"]
[PlyCount "103"]
[EventDate "2022.02.18"]
[EventType "tourn"]
[EventCountry "NET"]
[SourceTitle "playchess.com"]
[Source "ChessBase"]
[SourceQuality "1"]

{[%evp 11,103,6,9,2,-4,-12,27,23,24,19,31,23,41,11,2,12,5,4,22,20,18,-4,22,15,
20,5,20,14,27,31,31,32,40,14,32,39,45,41,105,114,108,121,153,145,182,189,184,
210,293,284,267,275,314,325,303,297,559,331,337,337,414,389,468,460,532,408,
585,514,580,564,631,637,641,632,643,578,637,628,814,814,782,736,652,605,585,
585,562,545,1003,684,4814,714,620,600]} 1. g3 d5 2. Nf3 Bg4 3. Bg2 c6 4. h3 Bh5
5. O-O Nd7 6. d3 Ngf6 7. Qe1 {7.c4 is the fancy move. A07: Réti Opening: New
York and Capablanca Systems.} e6 8. e4 Be7 9. e5 {White has an edge.} Ng8 10.
d4 Bg6 {[#]} 11. Qe2 $146 ({Predecessor:} 11. Qd1 c5 12. c3 h5 13. h4 Nh6 14.
Bxh6 Rxh6 15. c4 Kf8 16. cxd5 exd5 17. Nc3 {½-½ (43) Bivol,A (2374)
-Pourkashiyan,A (2305) Moscow 2019}) 11... h5 12. c4 dxc4 13. Qxc4 Nb6 14. Qe2
Nh6 15. Bxh6 Rxh6 16. Nc3 Kf8 17. Rfd1 Bf5 18. Rac1 g5 19. Nh2 Kg7 20. Nf1 Qd7
21. Ne3 Bg6 22. Ne4 Nd5 23. Nc5 Bxc5 24. Rxc5 Ne7 {Black is now going downhill.
} (24... Nb6 $14) 25. b4 $16 (25. Qf3 Bf5 $14) 25... a6 26. a4 (26. Qf3 Bh7)
26... Rah8 27. b5 {White is much more active.} (27. Qf3 Bh7 $16) 27... axb5 28.
axb5 h4 {[#]} 29. g4 $1 Bh7 30. bxc6 bxc6 {[#]} 31. Qd2 $1 Ng6 32. Bxc6 Qe7 33.
Ng2 Rd8 $2 (33... Rb8 34. Rdc1 Rc8) 34. Rdc1 Nf8 35. Bf3 Rg6 36. Ne3 {[%cal
Bg2e3,Be3c4,Bc4d6][%mdl 32]} Nd7 37. Ra5 ({Not} 37. Rc7 Nxe5 38. Be4 (38. Rxe7
$2 {is the wrong capture.} Nxf3+ 39. Kh1 Nxd2 $19) (38. dxe5 Qxc7 39. Qb2 Qb8
$17) 38... Qd6 $18) 37... Kh8 38. Nc4 {Black must now prevent Ra7.} f6 (38...
Rgg8 $142 39. Qe3 f5) 39. Qe3 {White is clearly winning.} Rg7 40. Ra7 Qf8 41.
Nd6 fxe5 42. dxe5 Qf4 43. Qxf4 gxf4 44. Rcc7 Bg8 45. Be4 f3 46. Kh2 Re7 47.
Bxf3 Nxe5 48. Rxe7 Nxf3+ 49. Kg2 Ne5 50. Ne4 {Threatening mate with Nf6.} Ng6
51. Nf6 (51. Reb7 $142 Rf8 52. g5 Nf4+ 53. Kh2) 51... Nxe7 $18 52. Rxe7 {
Weighted Error Value: White=0.25 (precise) /Black=0.30} 1-0

[Event "Airthings Masters MCCT Prel 2022"]
[Site "Online"]
[Date "2022.02.13"]
[Round "6.7"]
[White "Abdusattorov, Nodirbek"]
[Black "Kosteniuk, Alexandra"]
[Result "1-0"]
[WhiteElo "2651"]
[BlackElo "2516"]
[Annotator "TA"]
[PlyCount "97"]
[EventDate "2022.02.18"]
[EventType "tourn"]
[EventCountry "NET"]
[SourceTitle "playchess.com"]
[Source "ChessBase"]
[SourceQuality "1"]

{[%evp 14,97,12,26,17,12,17,11,19,0,0,0,19,20,19,0,14,6,8,0,22,35,83,89,83,95,
126,120,142,136,154,158,126,142,155,131,159,88,91,68,83,82,76,72,137,30,89,90,
87,93,103,97,327,328,326,341,368,362,401,387,419,420,434,404,553,545,566,577,
573,560,910,910,910,886,859,814,822,732,727,677,6090,6083,5106,4133,29984,
29984]} 1. c4 c5 2. g3 Nf6 3. Bg2 d5 4. cxd5 Nxd5 5. Nc3 Nc7 6. d3 e5 7. Be3
Be7 8. Rc1 Nd7 {A34: Symmetrical English: 2 Nc3, lines with ...d5.} 9. Nf3 {
[%cal Of3h4]} O-O 10. O-O b6 {The position is equal.} 11. Qa4 Rb8 {[#]} 12.
Rfd1 $146 (12. Qxa7 $2 Ra8 13. Nxe5 Rxa7 $19) ({Predecessor:} 12. a3 a5 13. Nb5
{1-0 (13) Aahlad,Y (2220)-Zemlyanov,S (1250) FICGS email 2020}) 12... h6 13. a3
(13. Qxa7 $2 Ra8 14. Nxe5 Rxa7 $19) 13... a5 14. Nb5 Nxb5 15. Qxb5 Bd6 16. Nd2
Re8 17. Nc4 Bc7 (17... Bf8 $14 {might be stronger.}) 18. b4 $16 axb4 19. axb4
f5 20. Bd2 {White is much more active. Black has bad knights.} ({Don't take} 
20. bxc5 bxc5 21. Qa4 f4) 20... Kh8 21. Ra1 Nf8 22. bxc5 bxc5 23. Qxc5 Ne6 24.
Qd5 Qf6 25. Ra7 (25. Rdb1 $142 {Black must now prevent Rxb8.} e4 26. dxe4)
25... Rd8 26. Qf3 e4 27. Qh5 exd3 28. exd3 {[%cal Oa7c7]} Rxd3 {[#]} (28... Rb3
$142) 29. Re1 ({Resist} 29. Qe8+ Kh7 $14) ({Only move:} 29. Bf1 $1 $16 {
[%cal Rf1d3]} Rd7 30. Rc1) 29... Bd7 (29... Rd8 $1 $11 {keeps the balance.})
30. Bf1 $36 {[%mdl 2048] White is in control.} Rxd2 31. Nxd2 {[%cal Oe1e6,
Bc4d2,Bd2f3,Bf3h4][%mdl 32]} Qd4 {[%csl LRa7,LRd2]} 32. Ra2 {Threatens to win
with Nf3.} f4 $2 {This costs Black the game.} (32... Ng5 $16 {is a better
defense.}) 33. Nf3 $18 Qf6 34. Qd5 {Inhibits Bc6.} Rd8 35. Ra8 Rxa8 36. Qxa8+
Nf8 37. Nh4 fxg3 38. hxg3 {[%cal Oh4g6]} ({Not} 38. Ng6+ Qxg6 39. Qxf8+ Kh7 40.
hxg3 {[#]} Bxg3 $1 $14) 38... Bd6 39. Bd3 {Hoping for Ng6+.} g5 40. Ng6+ Kg7
41. Nxf8 Bxf8 42. Qe4 {[%csl Gd3][%cal Re4h7]} Bc5 43. Re2 {Intending Qh7+ and
mate.} Bc6 44. Qh7+ Kf8 45. Rc2 Bb6 46. Be4 Bxe4 47. Rc8+ Bd8 48. Qxe4 Kg7 49.
Qd5 {Weighted Error Value: White=0.09 (flawless) /Black=0.52} 1-0

[Event "Airthings Masters MCCT Prel 2022"]
[Site "Online"]
[Date "2022.02.13"]
[Round "6.8"]
[White "Esipenko, Andrey"]
[Black "Nepomniachtchi, Ian"]
[Result "0-1"]
[WhiteElo "2714"]
[BlackElo "2773"]
[Annotator "TA"]
[PlyCount "94"]
[EventDate "2022.02.18"]
[EventType "tourn"]
[EventCountry "NET"]
[SourceTitle "playchess.com"]
[Source "ChessBase"]
[SourceQuality "1"]

{[%evp 9,94,29,11,0,0,0,14,5,9,0,0,-12,0,0,10,0,0,-13,0,-17,-12,-27,0,-18,0,4,
13,22,29,45,57,56,69,56,76,50,50,0,0,0,0,0,0,0,0,0,0,0,8,8,8,1,4,0,0,0,0,-131,
-131,-131,-131,-131,-131,-132,-150,-739,-614,-519,-464,-1880,-1705,-1588,-1419,
-6378,-5696,-2558,-2061,-29976,-29975,-29979,-29980,-29983,-29984,-29984,
-29985,-29985,-29984]} 1. e4 e5 2. Nf3 Nc6 3. Bc4 Nf6 4. d3 Bc5 5. a4 a5 6. Be3
{C50: Hungarian Defence and Giuoco Pianissimo.} Bxe3 7. fxe3 d5 8. exd5 {
The position is equal.} Nxd5 9. Qd2 {[#]} f6 $146 ({Predecessor:} 9... O-O 10.
O-O Be6 11. e4 Nf4 12. Na3 f6 13. g3 Bxc4 14. gxf4 Bf7 15. fxe5 Nxe5 16. Nxe5 {
½-½ (56) Movsesian,S (2632)-Meskovs,N (2504) Riga 2021}) 10. Nc3 Nxc3 11.
Qxc3 Qd6 12. Nd2 {[%cal Bf3d2,Bd2e4,Be4g5][%mdl 32]} Qb4 13. Ne4 Ke7 14. Bd5
Qxc3+ 15. bxc3 Nd8 16. Kd2 Be6 17. c4 f5 {And now ...Bxd5 would win.} 18. Ng5
Bd7 19. c5 Ra6 20. Nf3 Be6 21. e4 Kf6 22. Rhe1 f4 23. c3 (23. Kc3 $14) 23... c6
$1 $11 24. Bxe6 Nxe6 25. d4 exd4 26. cxd4 b6 27. cxb6 Rxb6 28. Rab1 {Prevents
Rb2+.} Rhb8 29. Rxb6 Rxb6 {[%mdl 4096] Endgame KRN-KRN} 30. Rc1 g5 $1 31. Kd3
g4 32. Ne5 {Nd7+ is the strong threat.} Rb3+ 33. Rc3 {[#]} (33. Kd2 $11) 33...
Nc5+ $1 $17 {[%mdl 512]} 34. Kc4 (34. Kc2 Rxc3+) 34... Rxc3+ 35. Kxc3 Nxe4+ {
KN-KN} 36. Kc4 {[#]} h5 {[%cal Bh7h5,Bh5h4][%mdl 32]} 37. Nxc6 $2 {Loses the
game.} (37. Kd3 $17 Nc5+ 38. Kd2) 37... h4 $19 {aiming for ...h3.} ({Not} 37...
f3 38. gxf3 Nd2+ 39. Kd3 Nxf3 40. Nxa5 $11) 38. Ne5 Kf5 39. h3 (39. Kd3 $142
Nc5+ 40. Kd2 (40. dxc5 $2 Kxe5 41. Ke2 Kd5 $19)) 39... gxh3 40. gxh3 Ng5 41.
Kd3 Nxh3 42. Nf3 Kg4 43. Ne5+ Kg3 {Black mates.} 44. d5 f3 45. Nc4 Nf4+ 46. Ke4
{[#]} Nxd5 $1 {[%mdl 512]} 47. Kxd5 h3 {Weighted Error Value: White=0.65/
Black=0.03 (flawless)} 0-1

[Event "Airthings Masters MCCT Prel 2022"]
[Site "Online"]
[Date "2022.02.13"]
[Round "7.1"]
[White "Nepomniachtchi, Ian"]
[Black "Artemiev, Vladislav"]
[Result "1/2-1/2"]
[WhiteElo "2773"]
[BlackElo "2700"]
[Annotator "TA"]
[PlyCount "105"]
[EventDate "2022.02.18"]
[EventType "tourn"]
[EventCountry "NET"]
[SourceTitle "playchess.com"]
[Source "ChessBase"]
[SourceQuality "1"]

{[%evp 9,105,27,43,23,32,19,26,27,23,10,21,26,31,16,32,30,28,24,39,16,20,30,26,
17,63,65,51,63,56,67,49,36,36,52,84,86,136,123,145,97,95,107,105,98,91,50,53,0,
0,0,0,8,29,24,27,31,25,14,17,14,22,12,14,11,14,0,0,0,8,0,6,0,0,0,0,0,0,0,0,0,0,
0,0,0,0,0,0,0,0,0,0,0,0,0,0,0,0,0]} 1. e4 e5 2. Nf3 Nc6 3. Bc4 Be7 4. d4 {
[%cal Bd2d4,Bd4d5][%mdl 32]} d6 5. Nc3 Nf6 6. d5 {C55: Two Knights: 4 d3, 4 d4
exd4 5 e5 and Max Lange Attack.} Nb8 7. a4 {[%cal Ba2a4,Ba4a5][%mdl 32] [#]}
O-O $146 ({Predecessor:} 7... a5 8. O-O O-O 9. h3 Na6 10. Qe2 Nc5 11. b3 Nfd7
12. Be3 Nb6 13. Bxc5 dxc5 14. Nxe5 {1-0 (42) Mueller Toepler,M-Fuehrer,F
freechess.de 2021}) 8. a5 {White has an edge.} c6 9. O-O cxd5 10. Bxd5 Nc6 11.
a6 Nxd5 12. axb7 ({But not} 12. exd5 Nb4 $15) 12... Bxb7 {...Nxc3 is the
strong threat.} 13. Nxd5 f5 14. exf5 Rxf5 15. Be3 Qd7 16. Nd2 Nd4 (16... Bd8
$11) 17. Nxe7+ $14 Qxe7 18. Bxd4 exd4 19. Nb3 Qh4 20. f3 Rh5 21. h3 (21. Qxd4
$2 Qxh2+ 22. Kf2 Rg5 $19) 21... Qg3 {aiming for ...Rxh3.} 22. Qe1 Qg6 (22...
Qxe1 $142 23. Rfxe1 d3) 23. Nxd4 $16 Rxh3 {[#]} 24. Qe6+ (24. Qb4 $142 $1 {
[%cal Rb4b7]} Bd5 {[#]} 25. Nf5 $1 Qxf5 26. gxh3) 24... Qxe6 25. Nxe6 Rh6 26.
Rfe1 {[%cal Oe6g7]} Rf6 27. Nc7 {White is more active.} ({Better is} 27. Nd4
$16) 27... Rc8 $14 28. Re7 (28. Nb5 $14) 28... Kf8 $11 29. Rae1 Bc6 {Prevents
Ne8.} 30. Na6 Rf7 31. Rxf7+ Kxf7 {[%mdl 4096] Endgame KRB-KRN} 32. Ra1 Bb7 33.
Nb4 a6 {The position is equal.} 34. c3 g5 35. Kf2 ({Don't go for} 35. Nxa6 $2
Ra8 36. Ra5 Kf6 $19) 35... h5 36. Ra3 (36. Nxa6 $2 Ra8 37. Rh1 Rxa6 $19) 36...
Rb8 37. Ra5 Kf6 38. Nd3 Bc8 39. Rd5 Rb6 40. Nb4 Bb7 {[%cal Ob6b4]} 41. Ra5 h4
42. g3 h3 {[%cal Og5g4] White must now prevent ...g4!} 43. g4 $1 h2 44. Kg2 Rb5
45. Rxb5 axb5 46. Kxh2 {Strongly threatening Kg2.} Bxf3 {KB-KN} 47. Kg3 Bb7 48.
Kf2 $1 Bc8 49. Kf3 Bb7+ 50. Ke3 Bc8 51. Kf3 Bb7+ 52. Ke3 Bc8 53. Kf3 {Weighted
Error Value: White=0.06 (flawless) /Black=0.05 (flawless)} 1/2-1/2

[Event "Airthings Masters MCCT Prel 2022"]
[Site "Online"]
[Date "2022.02.13"]
[Round "7.2"]
[White "Kosteniuk, Alexandra"]
[Black "Esipenko, Andrey"]
[Result "0-1"]
[WhiteElo "2516"]
[BlackElo "2714"]
[Annotator "TA"]
[PlyCount "152"]
[EventDate "2022.02.18"]
[EventType "tourn"]
[EventCountry "NET"]
[SourceTitle "playchess.com"]
[Source "ChessBase"]
[SourceQuality "1"]

{[%evp 15,152,0,7,18,9,0,9,15,11,32,37,23,18,0,0,1,59,63,57,61,75,13,46,12,26,
-9,82,75,76,82,100,104,104,105,97,108,107,94,100,102,93,93,143,133,124,135,266,
22,28,-97,-99,-227,-219,-312,-328,-339,-330,-313,-314,-308,-264,-252,-183,-106,
-53,-301,-279,-253,-244,-264,0,-272,0,0,0,-70,0,-358,-406,-393,-353,-431,-380,
-354,-45,-108,-104,-5485,-5069,-6107,-6094,-5065,0,0,0,-1827,0,0,0,-5273,-5182,
-5110,-5081,-2864,-1009,-1442,-1864,-1043,-34,-44,-44,-68,-81,-1203,-1167,
-1177,0,-1243,-1267,-917,0,-986,0,-108,0,-29982,-29983,-29983,-29984,-29984,
-29985,-29985,-29986,-29986,-29987,-29987,-29988,-29990,-29991]} 1. e4 e5 2.
Nf3 Nc6 3. Bc4 Bc5 4. c3 Nf6 5. d4 exd4 6. cxd4 Bb4+ 7. Nbd2 {[%cal Bb1d2,
Bd2e4,Be4g3][%mdl 32]} d5 8. exd5 Nxd5 9. O-O {C54: Giuoco Piano: 4 c3 Nf6,
main lines with 5 d4 and 5 d3.} O-O 10. Ne4 Be7 11. h3 {[#] The position is
equal.} Bf5 $146 ({Predecessor:} 11... Nb6 12. Bb3 Bf5 13. Re1 Bg6 14. a3 Re8
15. Nc5 Nxd4 16. Nxb7 Nxf3+ 17. Qxf3 Qd4 {½-½ (44) Bortnyk,O (2463)-Mozharov,
M (2564) Moscow 2014}) 12. Re1 h6 13. Ng3 Bg6 14. Ne5 Nxe5 15. dxe5 Nb4 (15...
Nb6 $11 16. Bb3 Qxd1 17. Rxd1 c5) 16. Qg4 $14 Kh8 17. Rd1 Qe8 18. Bf4 (18. Bd2
$1 $16) 18... b5 $1 $11 19. Be2 c5 20. Rd2 (20. a4 $5) 20... Nc2 (20... Rd8 $11
) 21. Rad1 $36 {[%mdl 2048] White has strong initiative.} Nd4 22. Bd3 a5 23.
Be3 Bxd3 24. Rxd3 f5 25. exf6 $1 Bxf6 26. Nh5 (26. Bxd4 $6 Bxd4 27. Nf5 Bxb2
$11) 26... Ra6 27. Bxd4 cxd4 28. Rf3 {[%cal Of3f6] Strongly threatening Rxf6!}
({Resist} 28. Nxf6 Raxf6 29. Qxd4 Rxf2 $14) 28... Be5 (28... Rf7 $142) 29.
Rxf8+ Qxf8 30. Re1 $1 Qc5 (30... Bf6 $16) 31. Qd7 $2 (31. Qe2 $1 $18 {[%cal
Re2e5]}) 31... Ra8 $11 32. f4 (32. Qe6 $11 Bc7 33. Nxg7 $1 Kxg7 34. Qe7+ Qxe7
35. Rxe7+ Kf6 36. Rxc7) 32... d3+ $1 $17 33. Kh2 (33. Kh1 $17 {was the only
chance.} Bxb2 34. f5) 33... Bxb2 $19 34. Re8+ (34. f5 {is a better defense.}
Be5+ 35. Ng3) 34... Rxe8 35. Qxe8+ Kh7 36. Qe4+ g6 37. Qb7+ Kg8 38. Qa8+ Kf7 {
Active counter play!} 39. Qb7+ Kf8 (39... Qe7 $1 $17 {[%cal Re7b7]} 40. Qxb5
gxh5 41. Qxb2 Qe4) 40. Qb8+ (40. Qa8+ $1 $15 Kf7 41. Qb7+ Kg8 42. Qa8+ Qf8 43.
Qd5+ Qf7 44. Qd8+ Kh7 45. Qxd3) 40... Ke7 41. Qb7+ Kd8 42. Qb8+ Ke7 43. Qb7+
Kf8 $2 (43... Kd6 $1 $19 44. Ng3 Qc6 45. Ne4+ Kd5) 44. Qb8+ $11 Kf7 (44... Ke7
$11 45. Qb7+) 45. Qb7+ $15 Kg8 (45... Qe7 $1 $15 46. Qxb5 gxh5 47. Qxb2 Qe4)
46. Qb8+ $2 {[%mdl 8192]} (46. Qa8+ $1 $11 {and White stays safe.} Qf8 47. Qd5+
Kh8 48. Ng3) 46... Qf8 $19 47. Qxb5 gxh5 48. Qxb2 Qxf4+ {[%mdl 4096] Endgame
KQ-KQ} 49. g3 Qd6 (49... Qf3 $1 $19 {[%cal Rf3e2] aiming for ...Qe2+.} 50. Qb8+
Kf7) 50. Qb3+ (50. Qb5 $1 $15) 50... Kf8 $17 {And now ...h4 would win.} 51. Kg2
$2 {[%mdl 8192]} (51. Qc4 $17) 51... d2 $19 52. Qf3+ Ke7 53. Qe4+ Kf6 $2 (53...
Qe6 $1 $19 {[%cal Re6e4]} 54. Qh4+ Kd7 55. Qd4+ Qd6 56. Qa7+ Kc6 57. Qa6+ Kd5
58. Qd3+ Kc5 59. Qa3+ Kc6 60. Qa4+ Kb7) 54. Qf3+ $11 Kg7 55. Qc3+ $2 {[%mdl
8192]} (55. Qb7+ $11 Kf6 56. Qf3+ Ke7 57. Qe4+ Qe6 58. Qb7+ Qd7 59. Qe4+ Kd6
60. Qb1) 55... Kf8 (55... Kg6 $142 56. Qc2+ Kg5 57. h4+ Kf6) 56. Qf3+ $19 Ke7 (
56... Kg7 57. Qb7+ Kf6 58. Qf3+ Ke7 59. Qe4+ Qe6 60. Qh4+ Kd7 61. Qd4+ Qd6 62.
Qa7+ Kc6 63. Qa6+ Kd5 64. Qd3+ Kc6 65. Qc2+ Kd7 66. Qd1 $19) 57. Qe4+ $1 Qe6 $1
58. Qb7+ Qd7 59. Qe4+ Kf6 (59... Kd6 $142 60. Qb1 Kc7) 60. Qf3+ Kg7 61. Qc3+
Kh7 $2 (61... Kf7 $19 62. Qc4+ Ke7 63. Qh4+ Kd6 64. Qf4+ Kc5 65. Qe3+ Qd4 66.
Qe7+ Kb6 67. Qe6+ Kc7 68. Qf7+ Qd7 69. Qxh5 d1=Q 70. Qxa5+ Kd6 71. Qa3+ Kd5 72.
Qa5+ Ke4 73. Qb4+ Q7d4 74. Qe7+ Kd3 75. Qa3+ Kd2 76. Qa5+ Ke3 77. Qa3+ Q1d3 78.
Qxd3+ Qxd3 79. h4 Qe2+ 80. Kh3 Kf3 81. h5 Qg2+ 82. Kh4 Qxg3#) 62. Qc2+ $15 Kh8
$1 63. Qc3+ Kg8 $1 64. Qc4+ $2 {[%mdl 8192]} (64. Qb3+ $17 Kg7 65. Qd1) 64...
Kf8 $1 $19 65. Qc5+ Kg7 66. Qc3+ Kg6 67. Qc2+ Kf7 $2 ({Better is} 67... Kf6 $19
68. Qc3+ Kf7 69. Qc4+ Ke7 70. Qe4+ Kd6) 68. Qc4+ $2 {[%mdl 8192]} (68. Qh7+ $11
Ke8 69. Qh8+ Ke7 70. Qe5+ Kf7 71. Qxh5+ Kg7 72. Qe5+ Kg8 73. Qb8+ Kg7 74. Qe5+
Kh7 75. Qe4+ Kh8 76. Qe5+ Kh7 77. Qe4+ Kh8 78. Qe5+ Kh7) 68... Ke7 $2 (68...
Kf6 $19 {and Black stays clearly on top.} 69. Qf4+ Kg7 70. Qe5+ Kg6 71. Qe4+
Kg7 72. Qe5+ Kh7 73. Qe4+ Kh8 74. Qe5+ Kg8 75. Qb8+ Kh7 76. Qb1+ Kg7 77. Qa1+
Kh7 78. Qb1+ Kg7 79. Qa1+ Kh7 80. Qb1+) 69. Qe4+ $1 $17 Kd6 ({Don't go for} 
69... Kd8 $2 70. Qa8+ Ke7 71. Qe4+ $19) (69... Kf8 $1 $17 70. Qf3+ Kg7 71. Qc3+
) 70. Qd4+ $2 {[%mdl 8192] [#]} (70. Qf4+ $11 Kc5 71. Qe3+ Qd4 72. Qe7+ Kb6 73.
Qe6+ Kc7 74. Qf7+ Qd7 75. Qxh5) 70... Kc7 $1 {Black mates.} 71. Qa7+ {[#]} Kc6
$1 72. Qa6+ Kc5 73. Qxa5+ Kc4 74. Qa6+ Qb5 75. Qc8+ Kd4 76. Qh8+ Qe5 {Weighted
Error Value: White=0.70/Black=0.60} 0-1

[Event "Airthings Masters MCCT Prel 2022"]
[Site "Online"]
[Date "2022.02.13"]
[Round "7.3"]
[White "Keymer, Vincent"]
[Black "Abdusattorov, Nodirbek"]
[Result "1-0"]
[WhiteElo "2664"]
[BlackElo "2651"]
[Annotator "TA"]
[PlyCount "161"]
[EventDate "2022.02.18"]
[EventType "tourn"]
[EventCountry "NET"]
[SourceTitle "playchess.com"]
[Source "ChessBase"]
[SourceQuality "1"]

{[%evp 11,161,12,14,-13,6,0,0,0,41,0,0,0,0,0,0,0,0,-5,0,-11,-29,-15,-4,-11,0,0,
0,0,0,0,0,0,2,10,6,11,11,11,6,0,7,0,7,8,8,10,28,28,72,30,39,38,42,35,49,41,41,
41,41,41,41,41,49,41,41,41,58,58,58,58,58,58,58,41,44,26,26,26,41,43,38,22,26,
26,32,29,32,35,37,42,26,26,63,8,8,8,110,110,102,128,91,113,310,332,332,59,511,
502,466,413,624,617,617,617,610,588,573,566,29957,29961,29964,29964,29968,
29970,29970,29972,29971,29973,29973,29974,29974,29975,29975,29976,29976,29977,
29979,29980,29980,29981,29982,29982,29983,29982,29983,29984,29984,29985,29986,
29986,29986,29987]} 1. d4 Nf6 2. c4 g6 3. g3 c6 4. Bg2 d5 5. Nf3 Bg7 6. O-O O-O
7. a4 {D78: Fianchetto Grünfeld: 6 0-0 c6.} Bf5 8. Nc3 dxc4 9. a5 $5 {[%mdl 4]
[#] The position is equal. Leaves trodden paths.} Nbd7 $146 (9... Na6 $11 {
deserves consideration.}) ({Predecessor:} 9... Ne4 10. Nh4 Nxc3 11. bxc3 Be6
12. Qa4 Nd7 13. Qb4 Bf6 14. Qxb7 Rb8 15. Qxc6 Rb3 {1-0 (33) Maltsevskaya,A 
(2261)-Eriksson,C (2159) Pardubice 2018}) 10. Qa4 (10. Nh4 $1 $14 {feels
stronger.}) 10... b5 $11 11. axb6 $1 axb6 12. Qxa8 Qxa8 13. Rxa8 Rxa8 14. Nd2
Nd5 15. Nxd5 cxd5 16. Bxd5 Rc8 17. Nxc4 Bxd4 18. Rd1 Bf6 19. Ne3 Bh3 20. Bg2
Be6 {[%cal Oe6b3]} 21. Nd5 Kg7 22. Nxf6 exf6 23. Bd2 Rc2 24. Bc3 {[#] And now
Be4 would win. A strong pair of Bishops.} Nc5 {Prevents Be4.} 25. Re1 Bc4 26.
Bf3 b5 27. h4 h5 28. Kf1 Be6 29. Rd1 Bb3 (29... Na4 $11 {should be considered.}
) 30. Rd2 (30. Rd6 $16 Ne6 31. Rb6) 30... Rc1+ 31. Kg2 Na4 32. Bd4 b4 33. Be4
Nc5 34. Bxc5 Rxc5 $14 {[%mdl 4096] Endgame KRB-KRB} 35. Rd4 Rb5 36. Kf3 Be6 37.
Bd3 Rb7 38. Bc4 Bxc4 39. Rxc4 {KR-KR} f5 40. Ke3 Kf6 41. Kd3 Ke6 42. Rd4 f6 43.
e3 g5 44. b3 Ra7 45. Ke2 Rb7 $1 46. Ke1 Rb6 47. Kf1 Rb7 48. Kg1 Rb6 49. Kh1 Rb5
50. Kh2 Rb6 51. Kh3 Kf7 52. Rd7+ ({White should try} 52. Kg2 $14) 52... Kg6 $11
53. Kg2 f4 (53... Re6 $1 $11 {remains equal.}) 54. gxf4 $16 {White stays
focused until the end.} gxf4 55. e4 {White is more active.} Rc6 56. Rb7 Rc3 $2
(56... f3+ $16 {was worth a try.} 57. Kg3 (57. Kxf3 Rc3+ 58. Kf4 Rxb3 $11)
57... Rc1 58. Rxb4 Rg1+ 59. Kxf3 Rg4) 57. Rxb4 $18 Rd3 58. Rb5 $2 (58. Rb6 $18)
58... Rc3 $2 {[%mdl 8192]} ({Black should play} 58... Rd4 $1 $14) 59. Rb6 Kf7
60. Rb7+ Ke6 (60... Kg6 $142 61. Rb8 Kg7) 61. Rb5 Rd3 62. Rxh5 Rxb3 63. Rf5 Rc3
64. h5 {[%cal Bh4h5,Bh5h6,Bh6h7][%mdl 32] [#] White wants to mate with h6.} Rb3
65. h6 {White mates.} Kf7 66. e5 Ke6 67. Rh5 Rb8 68. h7 Rh8 69. exf6 Kxf6 70.
Kf3 Kg6 71. Kg4 f3 72. Rh3 Kg7 73. Rh2 Kg6 74. Kxf3 Kg7 75. Kg4 Kg6 76. Rh3 Kf6
77. Rh6+ Kf7 78. Kg5 Kg7 79. f4 {[%cal Bf2f4,Bf4f5][%mdl 32]} Kf7 80. Rh1 Kg7
81. f5 {Weighted Error Value: White=0.15 (very precise) /Black=0.29 (precise)}
1-0

[Event "Airthings Masters MCCT Prel 2022"]
[Site "Online"]
[Date "2022.02.13"]
[Round "7.4"]
[White "Niemann, Hans Moke"]
[Black "Carlsen, Magnus"]
[Result "0-1"]
[WhiteElo "2642"]
[BlackElo "2865"]
[Annotator "TA"]
[PlyCount "108"]
[EventDate "2022.02.18"]
[EventType "tourn"]
[EventCountry "NET"]
[SourceTitle "playchess.com"]
[Source "ChessBase"]
[SourceQuality "1"]

{[%evp 10,108,12,-7,1,0,17,0,0,0,19,0,0,0,0,0,15,21,17,0,12,0,53,26,60,49,50,
50,67,46,25,11,37,41,60,59,79,86,121,60,58,55,66,0,0,0,113,77,66,80,54,23,12,
10,22,23,17,0,21,23,23,24,24,24,24,24,24,24,23,0,0,0,2,-1,-1,-4,-8,-7,-5,-29,0,
0,0,0,0,-6,-23,-10,-37,-492,-291,-12837,-12837,-12839,-12839,-12841,-12841,
-12841,-12842,-12842,-12843]} 1. c4 g6 2. Nc3 c5 3. Nf3 Bg7 4. e3 Nf6 5. d4
cxd4 6. exd4 O-O {A31: Symmetrical English: 2 Nf3 Nf6 3 d4.} 7. d5 e6 8. Be2
exd5 {The position is equal.} 9. cxd5 d6 10. h3 Re8 11. O-O {[#]} Nbd7 $146 ({
Predecessor:} 11... Ne4 12. Nxe4 Rxe4 13. Bg5 Qb6 14. Nd2 Re8 15. Nc4 Qc7 16.
Rc1 Qd7 17. Bf4 Be5 18. Nxe5 dxe5 {1-0 (38) Ahlander,B (2391)-Czernek,T (2003)
Police 2019}) 12. Be3 Rxe3 13. fxe3 Qe7 14. Kh2 Nc5 15. Qd2 Bd7 (15... Bf5 $11)
16. Bd3 $14 Re8 17. Rae1 Bh6 {[%cal Rh6e3]} 18. b4 Nce4 19. Bxe4 Nxe4 20. Qd4
Nxc3 (20... f5 $5 {[%cal Rh6g7]} 21. Nxe4 Qxe4 $14) 21. Qxc3 Bb5 22. Rf2 Bg7
23. Qc2 h5 24. a4 (24. e4 $16) 24... Bd7 25. e4 Rc8 26. Qb3 (26. Qd3 $14) 26...
Rc3 27. Qd1 Rc4 (27... g5 $11) 28. e5 dxe5 29. d6 $1 Qf6 {[#] White must now
prevent ...e4.} 30. Qd5 {To avoid e4} ({Don't go for} 30. Nxe5 $2 Qxf2 31. Nxc4
Qf4+ 32. Kh1 Qxc4 $19) 30... Rc6 31. Qxe5 Qxd6 32. Qxd6 Rxd6 33. Ng5 Bf6 (33...
Bc3 $5 {[%cal Rc3e1]} 34. Re7 f5 $11) 34. Ne4 {[%csl LRd6,LRf6]} Be5+ 35. Kh1
Rd4 36. Rd2 {Rxd4 is the strong threat.} Bxa4 37. Rxd4 Bxd4 $11 {[%mdl 4096]
Endgame KRN-KB. This bishop pair is nice.} 38. Nd6 Bc3 {[%csl LRb4,LRe1]} 39.
Re4 b5 40. Re8+ Kg7 41. Re7 Bxb4 42. Rxf7+ Kh6 43. Ne4 a5 {And now ...Bb3
would win.} 44. h4 $1 {Threatening mate with Ng5.} Bb3 (44... Be1 $5 {[%cal
Ra4b3]} 45. Ra7 Bxh4 46. Rxa5 Be1 $17) 45. Ra7 a4 46. g4 hxg4 {Threatens to
win with ...Bd5.} 47. Nf6 {[%csl Gf6][%cal Ra7h7] Inhibits Bd5+.} g5 48. h5 {
[%csl Gf6][%cal Ra7h7]} Bc2 {Inhibits Rh7+. aiming for ...Bc3.} 49. Kg2 $2 {
[%mdl 8192] Loses the game.} ({White has to play} 49. Ra6 $1 $15 Ba3 50. Ne4+
Kg7 51. h6+ Kf8 52. Ra8+ Kf7 53. Ra7+ Kg6 54. Ra6+ Kf5 55. Nf6) 49... Bc3 $19
50. Ng8+ (50. Ra6 Bxf6 51. Rxf6+ Kxh5 52. Rb6) 50... Kxh5 {Black is clearly
winning.} 51. Ra6 Be4+ 52. Kg3 Be5+ 53. Kf2 g3+ {[%cal Bg4g3,Bg3g2][%mdl 32]}
54. Ke3 {[#]} g2 $1 {Weighted Error Value: White=0.39/Black=0.13 (very precise)
} 0-1